Países con más Goles en la Premier League - Estadísticas

Estadísticas generales
  • Esta prueba ha sido intentada 941 veces
    496 desde el último reinicio
  • La puntuación promedio es 15 de 20
Estadísticas de respuestas
Goles País % Correcto
963 España
100%
15.463 Reino Unido
99%
1.787 Francia
98%
460 Alemania
96%
635 Argentina
96%
943 Brasil
95%
472 Italia
93%
517 Portugal
91%
1.087 Países Bajos
88%
1.098 Irlanda
84%
739 Bélgica
82%
325 Suecia
81%
687 Noruega
80%
343 Dinamarca
67%
246 Egipto
62%
467 Senegal
55%
447 Costa de Marfil
43%
608 Nigeria
43%
269 Australia
40%
457 Jamaica
7%
No se encontraron pruebas coincidentes
Distribución de puntuación
Porcentaje de gente con cada puntuación
Porcentaje por número respondido
Historial de tus puntuaciones
No has intentado esta prueba desde el último reinicio